Chefs-lieux d'Italie - Statistiques

Statistiques générales
  • Ce quiz a été pris 762 fois
  • Le résultat moyen est 14 sur 20
Statistiques - réponses
Région Chef-lieu % Correct
Latium Rome
97%
Lombardie Milan
94%
Vénétie Venise
94%
Piémont Turin
88%
Toscane Florence
87%
Campanie Naples
87%
Sicile Palerme
84%
Émilie-Romagne Bologne
81%
Ligurie Gênes
80%
Vallée d'Aoste Aoste
78%
Pouilles Bari
78%
Sardaigne Cagliari
70%
Trentin-Haut-Adige Trente
61%
Frioul-Vénétie Julienne Trieste
60%
Ombrie Pérouse
42%
Marches Ancône
41%
Abruzzes L'Aquila
39%
Molise Campobasso
37%
Calabre Catanzaro
37%
Basilicate Potenza
36%
Aucun quiz correspondant
Distribution des résultats
% des personnes avec chaque résultat
Percentile par nombre de réponses
Votre historique - résultats
Vous n’avez pas pris ce quiz